Normal view
MARC view
- MUHAIMIN ,ABDUL
Entry Personal Name
001 - CONTROL NUMBER
- control field: 122267
003 - CONTROL NUMBER IDENTIFIER
- control field: NUST
005 - DATE AND TIME OF LATEST TRANSACTION
- control field: 20240403163849.0
008 - FIXED-LENGTH DATA ELEMENTS
- fixed length control field: 240403|| aca||aabn | a|a d
040 ## - CATALOGING SOURCE
- Original cataloging agency: NUST
- Transcribing agency: NUST
100 ## - HEADING--PERSONAL NAME
- Personal name: MUHAIMIN ,ABDUL
670 ## - SOURCE DATA FOUND
- Source citation: Work cat.: (NUST): MUHAIMIN ,ABDUL , Parametric Optimization and Analysis on Robotic Based Fiber Laser Welding of HSLA Steel by varying Gap Width /
